Crecimiento económico (Registro nro. 151)

Detalles MARC
000 -LEADER
fixed length control field 01506 a2200277 4500
001 - CONTROL NUMBER
control field 236
005 - DATE AND TIME OF LATEST TRANSACTION
control field 20260407155416.0
008 - FIXED-LENGTH DATA ELEMENTS--GENERAL INFORMATION
fixed length control field 260407a2009 arg spa d
003 - CONTROL NUMBER IDENTIFIER
control field AR-UNSa-BCEJYS
040 ## - CATALOGING SOURCE
Original cataloging agency AR-UNSa-BCEJYS
Language of cataloging spa
Transcribing agency AR-UNSa-BCEJYS
080 ## - UNIVERSAL DECIMAL CLASSIFICATION NUMBER
Universal Decimal Classification number 330.35
Common auxiliary subdivision Crecimiento económico
020 ## - INTERNATIONAL STANDARD BOOK NUMBER
International Standard Book Number 978-84-291-2614-3
041 ## - LANGUAGE CODE
Language code of text/sound track or separate title spa
100 1# - MAIN ENTRY--PERSONAL NAME
Personal name Barro, Robert J.
245 10 - TITLE STATEMENT
Title Crecimiento económico
264 #1 - PRODUCTION, PUBLICATION, DISTRIBUTION, MANUFACTURE, AND COPYRIGHT NOTICE
Place of production, publication, distribution, manufacture Barcelona :
Name of producer, publisher, distributor, manufacturer Reverté
Date of production, publication, distribution, manufacture, or copyright notice 2009
300 ## - PHYSICAL DESCRIPTION
Extent xviii, 660 p.
Dimensions 24 cm
505 ## - FORMATTED CONTENTS NOTE
Formatted contents note 1. Modelos de crecimiento con tasas de ahorro exógenas 2. Modelos de crecimiento con optimización del consumidor 3. Ampliaciones del modelo de crecimiento de Ramsey 4. Modelos de crecimiento endógeno con un único sector 5. Modelos de crecimiento endógeno de dos sectores 6. Cambio tecnológico: modelos con una variedad ampliada de productos 7. Cambios tecnológico: el modelo de Schumpeter de escalas de calidad 8. La difusión de la tecnología 9. Oferta de trabajo y población 10. Contabilidad del crecimiento 11. Análisis empírico de conjuntos de datos regionales 12. Análisis empírico de corte transversal de una muestra de países
590 ## - LOCAL NOTE (RLIN)
Local note niveau_biblio:m niveau_hierar:0
700 1# - ADDED ENTRY--PERSONAL NAME
Personal name Sala-i-Martin, Xavier
700 1# - ADDED ENTRY--PERSONAL NAME
Personal name Pérez Apilanez, Gotzone
700 1# - ADDED ENTRY--PERSONAL NAME
Personal name Robinson, Robert Andrew
700 1# - ADDED ENTRY--PERSONAL NAME
Personal name Espíndola, José Ramón de
856 41 - ELECTRONIC LOCATION AND ACCESS
Uniform Resource Identifier <a href="https://biblioeco.unsa.edu.ar/pmb/images/libros/Crecimiento Economico2-l117563.jpg">https://biblioeco.unsa.edu.ar/pmb/images/libros/Crecimiento Economico2-l117563.jpg</a>
Link text Imagen de portada
Electronic format type image/jpeg
942 ## - ADDED ENTRY ELEMENTS (KOHA)
Koha item type
Existencias
Withdrawn status Lost status Damaged status Not for loan Home library Current library Shelving location Date acquired Total checkouts Full call number Barcode Date last seen Price effective from Koha item type
        Biblioteca Prof. Eusebio Cleto del Rey Biblioteca Prof. Eusebio Cleto del Rey   07/04/2026   330.35 B277 L117563 07/04/2026 07/04/2026 Libro
        Biblioteca Prof. Eusebio Cleto del Rey Biblioteca Prof. Eusebio Cleto del Rey   07/04/2026   330.35 B277 L117564 07/04/2026 07/04/2026 Libro
        Biblioteca Prof. Eusebio Cleto del Rey Biblioteca Prof. Eusebio Cleto del Rey   07/04/2026   330.35 B277 L117688 07/04/2026 07/04/2026 Libro
        Biblioteca Prof. Eusebio Cleto del Rey Biblioteca Prof. Eusebio Cleto del Rey   07/04/2026   330.35 B277 L128276 07/04/2026 07/04/2026 Libro